000
00241nam a22001097a 4500
082
_a
327.1 SAF'I
100
_a
SAFDER, MAHMOOD
_9
75673
245
_a
ITERNATIONAL AFFIARS
260
_a
LAHORE
_b
FEROZSONS
_c
1970
300
_a
263P
942
_c
BK
999
_c
581064
_d
581064